La pérdida de chance y el daño al proyecto de vida (Registro nro. 31602)
[ vista simple ]
| 000 -LEADER | |
|---|---|
| fixed length control field | 00342 a2200109 4500 |
| 001 - CONTROL NUMBER | |
| control field | ART_35057 |
| 005 - DATE AND TIME OF LATEST TRANSACTION | |
| control field | 20260410162005.0 |
| 008 - FIXED-LENGTH DATA ELEMENTS--GENERAL INFORMATION | |
| fixed length control field | 260409a |
| 100 1# - MAIN ENTRY--PERSONAL NAME | |
| Personal name | Werlen, Cristian O. |
| 245 10 - TITLE STATEMENT | |
| Title | La pérdida de chance y el daño al proyecto de vida |
| 773 0# - HOST ITEM ENTRY | |
| Title | Temas de derecho civil |
| Related parts | - Año 1, Nº 2 (nov. 2015) |
| Record control number | REV34778 |
No hay ítems disponibles.